South Col : (Record no. 16374)
[ view plain ]
| 000 -LEADER | |
|---|---|
| fixed length control field | 00844cam a22002651 4500 |
| 001 - CONTROL NUMBER | |
| control field | 16374 |
| 003 - CONTROL NUMBER IDENTIFIER | |
| rucl marc code | BD-RjUL |
| 005 - DATE AND TIME OF LATEST TRANSACTION | |
| control field | 20211209000012.0 |
| 008 - FIXED-LENGTH DATA ELEMENTS--GENERAL INFORMATION | |
| fixed length control field | 140213t1954 enka 001 0aeng |
| 035 ## - SYSTEM CONTROL NUMBER | |
| System control number | (BD-RjUL)16429 |
| 040 ## - CATALOGING SOURCE | |
| Original cataloging agency | DLC |
| Transcribing agency | DLC |
| Modifying agency | DLC |
| -- | BD-RjUL |
| Language of cataloging | eng |
| 041 ## - LANGUAGE CODE | |
| Language code of text/sound track or separate title | eng |
| 082 00 - DEWEY DECIMAL CLASSIFICATION NUMBER | |
| Classification number | 915.42 |
| Author mark and year | NOS 1954 |
| 100 1# - MAIN ENTRY--PERSONAL NAME | |
| Personal name | Noyce, Wilfrid, |
| Dates associated with a name | 1917-1962. |
| 9 (RLIN) | 50618 |
| 245 10 - TITLE STATEMENT | |
| Title | South Col : |
| Remainder of title | one man's adventure on the ascent of Everest, 1953 / |
| Statement of responsibility, etc. | Foreword by Sir John Hunt. |
| 260 ## - PUBLICATION, DISTRIBUTION, ETC. (IMPRINT) | |
| Place of publication, distribution, etc. | London : |
| Name of publisher, distributor, etc. | Heinemann, |
| Date of publication, distribution, etc. | 1954. |
| 300 ## - PHYSICAL DESCRIPTION | |
| Pagination | 303 p. : |
| Illustrations | illus. ; |
| Size | 22 cm. |
| 504 ## - BIBLIOGRAPHY, ETC. NOTE | |
| Bibliography, etc | includes index, |
| 600 10 - SUBJECT ADDED ENTRY--PERSONAL NAME | |
| Personal name | Noyce, Wilfrid, |
| Dates associated with a name | 1917-1962. |
| 650 #0 - SUBJECT ADDED ENTRY--TOPICAL TERM | |
| Topical term or geographic name as entry element | Mountaineers |
| Geographic subdivision | Great Britain |
| General subdivision | Biography. |
| 9 (RLIN) | 50620 |
| 651 #0 - SUBJECT ADDED ENTRY--GEOGRAPHIC NAME | |
| Geographic name | Everest, Mount (China and Nepal) |
| 9 (RLIN) | 35381 |
| 942 ## - ADDED ENTRY ELEMENTS (KOHA) | |
| Source of classification or shelving scheme | Dewey Decimal Classification |
| Koha item type | Books |
| Lost status | Source of classification or shelving scheme | Damaged status | Not for loan | Collection code | Permanent Location | Current Location | Shelving location | Date acquired | Source of acquisition | Cost, normal purchase price | Total Checkouts | Full call number | Date last seen | Copy number | Koha item type |
|---|---|---|---|---|---|---|---|---|---|---|---|---|---|---|---|
| Dewey Decimal Classification | Not For Loan | Non-fiction | Central Library, University of Rajshahi | Central Library, University of Rajshahi | Reading Room | 20/05/1955 | Pok.co-op Docieling | 10.80 | 915.42 NOS 1954 | 13/02/2014 | C-1 | Books |